Nepal in the 21st century (Record no. 169861)
[ view plain ]
| 000 -LEADER | |
|---|---|
| fixed length control field | 01636nam a2200397Ia 4500 |
| 082 04 - DEWEY DECIMAL CLASSIFICATION NUMBER | |
| Classification number | 954.96 |
| 245 00 - TITLE STATEMENT | |
| Title | Nepal in the 21st century |
| 260 ## - PUBLICATION, DISTRIBUTION, ETC. (IMPRINT) | |
| Place of publication | New York : |
| Name of publisher | Nova Science Publishers, |
| Year of publication | c2010. |
| 300 ## - PHYSICAL DESCRIPTION | |
| Number of Pages | vi, 321 p. : |
| Other physical details | ill. (some col.), maps (some col.). |
| 490 1# - SERIES STATEMENT | |
| Series statement | Global political studies series |
| 650 #0 - SUBJECT ADDED ENTRY--TOPICAL TERM | |
| Topical Term | Economic development |
| 700 1# - ADDED ENTRY--PERSONAL NAME | |
| Personal name | Devkota, Surendra R. |
| Personal name | Bhattarai, Keshav, |
| 856 40 - ELECTRONIC LOCATION AND ACCESS | |
| Uniform Resource Identifier | http://site.ebrary.com/lib/rucke/Doc?id=10661789 |
No items available.
